Mediciones y métodos de uso común en el laboratorio químico

Guardat en:
Dades bibliogràfiques
Autors principals: Valle de la Cortina, M. Angélica del (Autor), Valdebenito Montenegro, Nancy (Autor)
Format: Llibre
Idioma:espanyol
Publicat: Santiago Universidad Católica de Chile 1999
Edició:1a. ed
Col·lecció:Textos Universitarios
Matèries:
Etiquetes: Afegir etiqueta
Sense etiquetes, Sigues el primer a etiquetar aquest registre!

MARC

LEADER 00000nam a2200000 a 4500
001 UCL6857
003 CL-VaPUC
008 040423e19990000CL |||||||||||||||||spa|d
020 |a 9561405466 
082 0 4 |a 542.1  |b VAL  |2 21 
100 0 |a Valle de la Cortina, M. Angélica del  |e author  |9 484496 
700 0 |a Valdebenito Montenegro, Nancy  |e author  |9 484497 
245 1 0 |a Mediciones y métodos de uso común en el laboratorio químico 
250 |a 1a. ed 
300 |a 200 p 
942 |c BK 
945 |d 20040423 00:00:00  |a cmena 
260 |a Santiago  |b Universidad Católica de Chile  |c 1999 
650 7 |a LABORATORIOS QUIMICOS  |2 CL-VaPUC  |9 336607 
650 0 |a Química  |9 259896 
650 7 |a MEDICION E INSTRUMENTOS DE MEDICION  |2 CL-VaPUC  |9 337806 
583 |a last modification  |c 20040423 00:00:00  |k Rodrigo Vera 
490 0 |a Textos Universitarios 
999 |c 308742  |d 308740 
952 |0 0  |1 0  |4 0  |6 542_100000000000000_VAL_1999  |7 0  |8 A  |9 375552  |a BIBCUR  |b BIBCUR  |d 2019-11-21  |i 4005120  |l 3  |m 1  |o 542.1 VAL 1999  |p 4005120  |r 2025-04-22  |s 2023-09-20  |w 2019-11-21  |y BK  |k BCB